| 000 | nam a22 a 4500 | ||
|---|---|---|---|
| 999 |
_c2968 _d2968 |
||
| 003 | AKMAL | ||
| 005 | 20170519082600.0 | ||
| 008 | 170519s1996 my 00 may d | ||
| 020 |
_a9676105740 (kkt.): _cRM 20.00 |
||
| 040 | _aAKMAL | ||
| 082 | 0 | 4 | _a658.045595119 MOH |
| 090 |
_a658.045595119 _bMOH |
||
| 100 |
_aMohd Ali Hj. Hashim _96206 |
||
| 245 | 1 | 0 |
_aMembujur lalu ... : _bsuatu pengalaman orang Melayu dalam pengurusan / _cMohd. Ali Hashim |
| 260 |
_aCheras : _bUtusan Publications & Distributors, _c1996 |
||
| 300 |
_axxxviii, 348ms. : _bil. wrn. ; _c22cm |
||
| 610 | 0 |
_aPerbananan Kemajuan Ekonomi Negeri Johor _96207 |
|
| 650 |
_aCorporate culture _95852 |
||
| 650 |
_aCorporation _xGrowth _96208 |
||
| 650 |
_aDirectors of corporation _96209 |
||
| 650 |
_aBusinessmen _zJohor _96210 |
||
| 942 |
_2ddc _cBOOK |
||